| 000 | 02806cam a22005054i 4500 | ||
|---|---|---|---|
| 003 | PE-LiUPU | ||
| 005 | 20250731172827.0 | ||
| 008 | 150617s1977 r 000 0 d | ||
| 035 | _a(Sirsi) a15156 | ||
| 040 |
_aPE-LiUPU _bspa _cPE-LiUPU _erda |
||
| 049 | _aPRUA | ||
| 082 | 0 | 4 |
_a286.709 _bM33 _221 |
| 100 | 1 |
_aMaxwell, C. Mervyn, _eautor. |
|
| 245 | 1 | 0 |
_aTell it to the world the story of seventh-day adventists / _cC. Mervyn Maxwell. |
| 264 | 1 |
_aMountain View, California : _bPacific Press Publishing Association, _c1977. |
|
| 300 |
_a287 páginas ; _c22 cm |
||
| 336 |
_atext _2rdacontent |
||
| 337 |
_aunmediated _2rdamedia |
||
| 338 |
_avolume _2rdacarrier |
||
| 505 | 0 | _a"No God. i cannot preach!" -- The great second Advent awakening -- The tarrying time -- The midnight cry -- "Why didn't daddy come?" -- Triumphal entry II -- "Cornfield ceopas" -- New light from God's word -- "Look a little higher -- What is Jesus doing now -- A window witnesses -- The captain spreads the word -- Third Angel's message -- The "Good old review" -- What adventist owe to other Christians -- Jesus and "Investigative Judgment" -- In need of "gospel order" -- Giving the child a name -- Laodicea! -- Sense of mission -- Former catholic priest -- Overseas missionary family -- World missionary movement -- Leading ladies -- Inspired to save souls -- Happy, holy, and healthy -- Christmas present, 1865 -- For the joy of service -- Matchless charms of crisis. | |
| 526 | _aSEG42 | ||
| 526 | _aSEG41 | ||
| 526 | _aSEG40 | ||
| 526 | _aSEG39 | ||
| 526 | _aP94 | ||
| 526 | _aP87 | ||
| 526 | _aP86 | ||
| 526 | _aP85 | ||
| 526 | _aP77 | ||
| 526 | _aP76 | ||
| 526 | _aP35 | ||
| 610 | 2 |
_aAdventistas del Séptimo Día _xHistoria. |
|
| 910 |
_ajck _bjvq _cjck _d20150616 |
||
| 942 |
_2ddc _cBOOK |
||
| 949 |
_a286.709 M33 _wDEWEY _c1 _i19199 _lCCODEBUL1 _mBUL _p11 _r0 _sY _tBOOK _u19810615 _xTEOLOGIA _PP35 _0COMPRA _o.STAFF. Colección General |
||
| 949 |
_a286.709 M33 _wDEWEY _c2 _i50902 _lCCODEBUL1 _mBUL _p10 _r0 _sY _tBOOK _u19810615 _xTEOLOGIA _PP35 _0COMPRA _o.STAFF. Colección General |
||
| 994 |
_aC0 _bPEPRU |
||
| 596 | _a1 | ||
| 999 |
_a286.709 M33 _wDEWEY _c5713 _i19199 _f2019-12-11 _g5 _lREPAIR _mBUL _r0 _sY _tBOOK _u2015-6-17 _xTEOLOGIA _PP35 _0COMPRA _o.STAFF. Colección General _d5713 |
||
| 999 |
_a286.709 M33 _wDEWEY _c2 _i50902 _f2019-12-11 _g5 _lREPAIR _mBUL _r0 _sY _tBOOK _u2015-6-17 _xTEOLOGIA _PP35 _0COMPRA _o.STAFF. Colección General |
||
| 999 |
_a286.709 M33 _wDEWEY _c3 _i75777 _d2018-11-5 _f2021-11-11 _g5 _lCCODEBUL1 _mBUL _p11.00 _q2 _r0 _sY _tBOOK _u2017-5-16 _xTEOLOGIA _PP85 _0DONACION _o.STAFF. Colección Teologia |
||
| 980 |
_81 _gALBERTO SANCHEZ Responsable de Automatización |
||